Theoretical basis for detection of legalisation of proceeds of criminal activity

Špecifiká odhaľovania legalizácie príjmov z trestnej činnosti. Spôsoby páchania legalizácie príjmov z trestnej činnosti.

Gespeichert in:
Bibliographische Detailangaben
1. Verfasser: Stieranka, Jozef
Weitere Verfasser: Backa, Stanislav
Format: Buchkapitel
Sprache:Englisch
Schlagworte:
Tags: Tag hinzufügen
Keine Tags, Fügen Sie das erste Tag hinzu!

MARC

LEADER 00000naa a2200000 4500
001 0248731
005 20220715113300.2
041 0 |a eng 
044 |a CZ 
245 1 0 |a Theoretical basis for detection of legalisation of proceeds of criminal activity  |c Jozef Stieranka, Stanislav Backa 
520 |a Špecifiká odhaľovania legalizácie príjmov z trestnej činnosti. Spôsoby páchania legalizácie príjmov z trestnej činnosti. 
610 2 0 |a činnosť trestná 
610 2 0 |a činnosť nelegálna 
610 2 0 |a kriminalita finančná 
610 2 0 |a kriminalita hospodárska 
100 1 |a Stieranka, Jozef 
700 1 |a Backa, Stanislav